El Consumo de drogas en busca de sentido /
Spremljeno u:
| Glavni autor: | |
|---|---|
| Format: | Tekst |
| Serija: | SERIE POLITICAS SOCIALES/CEPAL
|
| Oznake: |
Dodaj oznaku
Bez oznaka, Budi prvi tko označuje ovaj zapis!
|
MARC
| LEADER | 00000 a a2200000 04500 | ||
|---|---|---|---|
| 001 | 48419 | ||
| 003 | |||
| 040 | |||
| 090 | |a REV1291 (61) 2002 | ||
| 100 | |a Tsukame, Alejandro | ||
| 245 | |a El Consumo de drogas en busca de sentido / |c Alejandro Tsukame | ||
| 440 | |a SERIE POLITICAS SOCIALES/CEPAL | ||
| 773 | |g número61, (2002) | ||
| 999 | |c 24702 |d 24702 | ||
